Match Cities to South American Countries: Click Quiz - Statistics

General Stats
  • This quiz has been taken 44 times
  • The average score is 9 of 12
Answer Stats
Hint Answer % Correct
Medellín, Cali, Barranquilla Colombia
92%
Lelydorp, Nieuw Nickerie, Nieuw Amsterdam Suriname
92%
Fortaleza, Belo Horizonte, Salvador Brazil
89%
Córdoba, Rosario, La Plata Argentina
86%
Guayaquil, Cuenca, Santo Domingo Ecuador
84%
Maracaibo, Valencia, Barquisimeto Venezuela
76%
Santa Cruz de la Sierra, El Alto, Cochabamba Bolivia
70%
Arequipa, Trujillo, Chiclayo Peru
68%
Viña del Mar, Antofagasta, Puente Alto Chile
62%
Linden, New Amsterdam, Corriverton Guyana
57%
Ciudad del Este, San Lorenzo, Luque Paraguay
51%
Salto, Ciudad de la Costa, Paysandú Uruguay
51%
No matching quizzes found
Score Distribution
Percent of People with Each Score
Percentile by Number Answered
Your Score History
You have not taken this quiz